Journey to space : a memoir of Malaysia's first angkasawan /

Bibliographic Details
Main Author: Sheikh Muszaphar, Shukor Al-Masrie, 1972
Other Authors: Sheikh Muszaphar Shukor Al-Masrie( 1972-)
Format: Book
Published: Kuala Lumpur: MPH Group Pub, 2009.
Subjects:
LEADER 00815cam a2200241 7i4500
001 0000012594
005 20151104090000.0
005 ##20151104113500.0
003 ##MY-KlINT
020 # # |a 9789675222429  
039 # 9 |y 201511041135  |z VLOAD 
090 0 0 |a 910.0919   |b SHE 
100 1 # |a Sheikh Muszaphar, Shukor Al-Masrie,   |d 1972 
245 1 0 |a Journey to space :   |b a memoir of Malaysia's first angkasawan /   |c Sheikh Muszaphar Shukor. 
260 # # |a Kuala Lumpur:   |b MPH Group Pub,   |c 2009. 
300 # # |a 246p:   |b col.ill;   |c 24cm. 
500 # # |a Includes index 
650 # 0 |a Outer space --   |x Exploration  
650 # 0 |a Manned space flight  
650 # 0 |a Astronauts  
700 0 # |a Sheikh Muszaphar Shukor Al-Masrie(  |d 1972-)  
999 |a 0000066222  |b BOOK  |c Main Non-Fiction  |e INTAN BK 
999 |a 0000066224  |b BOOK  |c Main Non-Fiction  |e INTAN BK